Tuyển tập tiêu chuẩn xây dựng của Việt Nam =Proceedings of Vietnam construction standards :Tập 11, Phương pháp thử

Saved in:
Bibliographic Details
Main Author: Bộ Xây dựng
Format: Book
Language:Vietnamese
Published: Xây dựng 2009
Subjects:
Tags: Add Tag
No Tags, Be the first to tag this record!
Institutions: Mạng thư viện Đại học Đà Nẵng
LEADER 01126nam a2200325 a 4500
001 000003399
003 03790
005 20171229145311.0
008 171229s2009 vie
040 |a LSK 
041 0 |a VIE 
082 0 |a 690.0218  |b BÔ 
100 1 |a Bộ Xây dựng 
245 0 0 |a Tuyển tập tiêu chuẩn xây dựng của Việt Nam =Proceedings of Vietnam construction standards :Tập 11, Phương pháp thử 
260 |b Xây dựng  |c 2009 
300 |a 539 pages  |c 27 cm. 
653 |a Xây dựng - Tiêu chuẩn Việt Nam 
653 |a Xây dựng - Tiêu chuẩn xây dựng 
852 |a Phòng Đọc 
901 |a 1 
927 |a Sách tham khảo 
OWN |a LSK 
AVA |a UDN50  |b LSK  |d 690.0218 BÔ  |e available  |t Error 5001 Not defined in file expand_doc_bib_avail.  |f 1  |g 0  |h N  |i 0  |k 1 
999 |a From the UDN01 
AVA |a UDN50  |b LSK  |d 690.0218 BÔ  |e available  |t Error 5001 Not defined in file expand_doc_bib_avail.  |f 1  |g 0  |h N  |i 0  |k 1 
TYP |a Monograph 
TYP |a Printed language 
980 |a Mạng thư viện Đại học Đà Nẵng